000 00999cam a2200217 4500
001 WB4007-14
008 040218n2004 000 0 eng u
035 _a(Sirsi) u125184
245 _aE-planning has arrived
260 _c2004
490 _aODPM News Release
_v(2004/0035) 16 February 2004 (2)
520 _aODPM has announced an integrated programme as part of the government drive towards putting the planning process online. By going online, government hopes to make the planning system faster and more efficient. Management of the Planning Portal, set up by the Planning Inspectorate in May 2002, will be transferred to ODPM. The Planning Portal can be found at http://www.planningportal.gov.uk/wps/portal. ODPM Press Release http://www.odpm.gov.uk/pns/DisplayPN.cgi?pn_id=200 4_0035
590 _aWB
590 _aWB
650 _aPLANNING SYSTEM
650 _aEPLANNING
650 _aPLANNING REFORM
650 _aPLANNING PORTAL
690 _aPLANNING PROCESS
942 _n0
999 _c117034
_d117034